| 000 | 00906nam a2200253 i 4500 | ||
|---|---|---|---|
| 003 | EG-ScBUE | ||
| 005 | 20240901122816.0 | ||
| 008 | 090204s1997 ii f d 00| 0 eng d | ||
| 020 | _a8124201153 | ||
| 040 |
_aEG-ScBUE _beng _erda _cEG-ScBUE _dEG-ScBUE |
||
| 082 | 0 | 4 |
_222 _a503 _bHEN |
| 100 | 1 |
_aHenderson, I. F. _q(Isabella Ferguson) _eauthor. |
|
| 245 | 1 | 0 |
_aDictionary of scientific terms : _bdefinition of terms in biology, botany, zoology, cytology, embryology, physiology / _cBy I. F. Henderson and W. D. Henderson. |
| 250 | _aFirst edition. | ||
| 264 | 1 |
_aNew Delhi : _bCrest Publishing House, _c1997. |
|
| 300 |
_a352 pages ; _c20 cm |
||
| 336 |
_2rdacontent _atext _btxt |
||
| 337 |
_aunmediated _2rdamedia _bn |
||
| 338 |
_avolume _bnc _2rdacarrier |
||
| 650 | 7 |
_2BUEsh _aScience _vDictionaries. |
|
| 655 | _vReading book | ||
| 700 | 1 |
_aHenderson, W. D., _eauthor. |
|
| 942 |
_2ddc _cREFERENCE |
||
| 999 |
_c10704 _d10704 |
||